000 00579cam a22002051a 4500
001 f 01000366
003 DLC
005 20260227111237.0
008 810914s1885 fr 000 1 fre
010 _af 01000366
035 _a(OCoLC)7757909
040 _aDLC
_cNcWsW
_dNcWsW
_dDLC
042 _apremarc
050 0 0 _aPQ2315
_b.R4 1885
100 1 _aKarr, Alphonse,
_d1808-1890.
245 1 3 _aLe règne des champignons /
_cpar Alphonse Karr.
260 _aParis :
_bCalmann Lévy,
_c1885.
300 _a2 p. l., 374 p. ;
_c19 cm.
500 _aHalf-title: Œuvres complètes.
999 _c22416
_d22416